000 00663nam a2200193 i 4500
001 114529
003 ES-MaACL
005 20231220202823.0
007 t|
008 070308s1906 sp ||||1| spa d
080 _a929 Ramón y Cajal, Santiago
245 0 0 _aRelación de los títulos, méritos y trabajos científicos del Dr. S. Ramón y Cajal.
260 _aMadrid :
_b[s.n.],
_c1906 (
_fImp. de Nicolás Moya)
300 _a69 p., [1] h. de lám. ;
_c24 cm.
600 1 4 _aRamón y Cajal, Santiago,
_d1852-1934-
_xBiografías
_995228
700 1 _aRamón y Cajal, Santiago,
_d1852-1934
_9226468
852 _aES-MaACL
_jT-1081-F-7
999 _c114529
_d114529